CPM in construction management (Record no. 105125)

MARC details
000 -LEADER
fixed length control field 01509cam a2200241 4500
001 - CONTROL NUMBER
control field ##L132402
008 - FIXED-LENGTH DATA ELEMENTS--GENERAL INFORMATION
fixed length control field 060203n2005 000 0 eng u
020 ## - INTERNATIONAL STANDARD BOOK NUMBER
International Standard Book Number 0071457690
035 ## - SYSTEM CONTROL NUMBER
System control number (Sirsi) u132402
041 0# - LANGUAGE CODE
Language code of text/sound track or separate title eng
050 04 - LIBRARY OF CONGRESS CALL NUMBER
Classification number 658.404 $2 18
100 1# - MAIN ENTRY--PERSONAL NAME
Personal name O'Brien, James J.
245 00 - TITLE STATEMENT
Title CPM in construction management
250 ## - EDITION STATEMENT
Edition statement 6th ed.
260 ## - PUBLICATION, DISTRIBUTION, ETC.
Place of publication, distribution, etc. New York
Name of publisher, distributor, etc. McGraw-Hill
Date of publication, distribution, etc. 2005
300 ## - PHYSICAL DESCRIPTION
Extent xx, 652p +
Accompanying material cd-rom
Other physical details ill, tables
Dimensions 24cm
350 ## - PRICE (NR) (BK AM CF MU VM SE) [OBSOLETE]
Price 55
505 2# - FORMATTED CONTENTS NOTE
Formatted contents note Introduction to CPM planning and scheduling -- The theory of CPM planning and scheduling -- The tools of CPM planning and scheduling -- The practice of CPM planning -- The practice of CPM scheduling -- Advanced topics.
520 ## - SUMMARY, ETC.
Summary, etc. A guide to the use of critical path management (CPM) in the construction industry. Discusses the fundamentals of CPM, event time computations, activity time computations, procurement, preconstruction, the CPM schedule, preparation of a CPM network, CPM by computer, monitoring project progress, CPM and cost control, equipment and work force planning, precedence networks, computer programmes and systems, applications and advantages of CPM, specifying CPM, CPM costs, and CPM in claims and litigation. Contains case histories of major construction projects around the world, and a case study followed throughout the book. The accompanying CD-Rom contains working models.
690 ## - LOCAL SUBJECT ADDED ENTRY--TOPICAL TERM (OCLC, RLIN)
Topical term or geographic name as entry element MANAGEMENT-PROJECT MANAGEMENT-PROGRAMME MANAGEMENT
700 1# - ADDED ENTRY--PERSONAL NAME
Personal name Plotnick, Fredric L.
942 ## - ADDED ENTRY ELEMENTS (KOHA)
Suppress in OPAC 0
Holdings
Withdrawn status Lost status Source of classification or shelving scheme Damaged status Not for loan Home library Current library Shelving location Date acquired Cost, normal purchase price Total Checkouts Full call number Barcode Date last seen Date last checked out Copy number Cost, replacement price Price effective from Koha item type
    Dewey Decimal Classification     London London Books 30/03/2006 46.75 6 658.404 OBR 30072787 06/08/2019 15/05/2008 1 46.75 06/08/2019 Book